📖 150 premiers mots "Péplum" Amélie Nothomb - Statistiques

Statistiques générales
  • Ce quiz a Ă©tĂ© pris 12 fois
  • Le rĂ©sultat moyen est 92 sur 150
Statistiques - réponses
Mots % Correct
Ă 
100%
a
100%
A
100%
Alexandrie..
100%
- C'
100%
c'
100%
ce
100%
Christ,
100%
d'
100%
est
100%
je
100%
Jésus-
100%
L'
100%
n'
100%
Pompéi
100%
Vésuve,
100%
après
89%
de
89%
de ...
89%
du
89%
en
89%
- Et
89%
et
89%
Il
89%
la
89%
le
89%
les
89%
Mais
89%
- Pas
89%
pas
89%
sous
89%
79
78%
avez
78%
des
78%
été
78%
ne
78%
par
78%
plus
78%
Quand
78%
- Que
78%
qui
78%
se
78%
un ?
78%
un
78%
une
78%
vous
78%
- Vous
78%
y
78%
cendres
67%
comme
67%
Comme
67%
était
67%
ait
56%
aux
56%
hasard,
56%
si
56%
Si
56%
avait
44%
bibliothèque
44%
- Cela
44%
dire ?
44%
ensevelissement
44%
fait
44%
jamais
44%
voulez-
44%
avis,
33%
milliers
33%
votre
33%
beau
22%
compris.
22%
feu,
22%
fut
22%
municipale
22%
archéologues.
11%
beauté
11%
cadeau
11%
- Cherchez
11%
coup ?
11%
crime
11%
devinez
11%
écraser ?
11%
mal,
11%
offert
11%
parlais
11%
passa.
11%
prend
11%
profite.
11%
quartier,
11%
rue,
11%
traversent
11%
villes
11%
bizarre ?
0%
boudin
0%
courante.
0%
destruction
0%
détruire.
0%
fatalité
0%
fatalité.
0%
ici,
0%
invoquer
0%
paru
0%
pourriez
0%
pure
0%
raffinée,
0%
simple,
0%
somptueuse,
0%
sophisme.
0%
Aucun quiz correspondant
Distribution des résultats
% des personnes avec chaque résultat
Percentile par nombre de réponses
Votre historique - résultats
Vous n’avez pas pris ce quiz